LIBRARY & INFORMATION CENTRE, KCAET, TAVANUR

ONLINE PUBLIC ACCESS CATALOGUE (OPAC)

Temporal groundwater fluctuation analysis of K.C.A.E.T campus (Record no. 15135)

MARC details
000 -LEADER
fixed length control field 00796nam a22002297a 4500
003 - CONTROL NUMBER IDENTIFIER
control field OSt
088 ## - REPORT NUMBER
Report number P 204
100 ## - MAIN ENTRY--AUTHOR NAME
Personal name LAKSHMI P. D
245 ## - TITLE STATEMENT
Title Temporal groundwater fluctuation analysis of K.C.A.E.T campus
260 ## - PUBLICATION, DISTRIBUTION, ETC. (IMPRINT)
Place of publication Tavanur 2009
Name of publisher Kelappaji College of Agricultural Engineering and Technology
300 ## - PHYSICAL DESCRIPTION
Number of Pages 54
500 ## - GENERAL NOTE
General note Temporal groundwater fluctuation analysis of K.C.A.E.T campus
520 ## - SUMMARY, ETC.
Summary, etc Temporal groundwater fluctuation analysis of K.C.A.E.T campus
700 ## - ADDED ENTRY--PERSONAL NAME
Personal name Nishna Sathyan K. M
700 ## - ADDED ENTRY--PERSONAL NAME
Personal name Rajeesh M
700 ## - ADDED ENTRY--PERSONAL NAME
Personal name Sabnaram K. S
700 ## - ADDED ENTRY--PERSONAL NAME
Personal name Vineeth V. R
700 ## - ADDED ENTRY--PERSONAL NAME
Personal name Dr. E. K Mathew (Guide)
856 ## - ELECTRONIC LOCATION AND ACCESS
Uniform Resource Identifier https://drive.google.com/open?id=1yTOLcMAQbefCoP3CyZbfX9ePyFdHaFiN
942 ## - ADDED ENTRY ELEMENTS (KOHA)
Koha item type Project Report
Holdings
Collection code Home library Current library Shelving location Full call number Accession Number Koha item type
Reference KAUAET KAUAET Reference 631.587 LAK/TE P 204 Project Report
free website counter